00481nam a22001577a 4500003000400000005001700004008004100021020001800062040002100080050002400101100005000125245007900175260003700254300000900291650002300300OSt20260219131908.0230317b |||||||| |||| 00| 0 eng d a9789966031372 cChuka University aKSK 1744b.M39 2012 aMbondenyi, Morris Kiwinda and J. Osogo Ambani aThe New Constitutional Law of Kenya:principles,government and human rights aNairobi, KenyabLaw Africac2010 a428p aConstitutional law